000 00788nam a2200169Ia 4500
008 090711s9999 xx 000 0 und d
082 _b66309
100 _aशिरगांवकर कुंदा अ.
245 _aयात्रिक धवलगिरी (आण्णांSो संक्षिप्त Sारित्र)
260 _c1987
300 _a107
600 _aशिरगांवकर कुंदा अ.
630 _aयात्रिक धवलगिरी (आण्णांSो संक्षिप्त Sारित्र)
700 _aशिरगांवकर कुंदा अ.
730 _aयात्रिक धवलगिरी (आण्णांSो संक्षिप्त Sारित्र)
942 _cBOOK
999 _c282676
_d282676